The social consequences of facial disfigurement /

Bibliographic Details
Main Author: Hughes, Michael J.
Format: Book
Language:English
Published: Aldershot, Hants, England ; Brookfield, Vt. : Ashgate, [1998]
Subjects:

MARC

Tag First Indicator Second Indicator Subfields
LEADER 00000cam a2200000 a 4500
001 in00001443549
005 20151020110605.0
008 980624s1998 enk b 000 0 eng d
010 |a  97077383  
020 |a 1859721230 
035 |a (OCoLC)39345327 
035 |z MLC 199806 
035 |9 AJB5019AM 
040 |a NYP  |c NYP  |d ORU  |d UtOrBLW 
049 |a TXAM 
090 |a RD763  |b .H84 1998 
100 1 |a Hughes, Michael J. 
245 1 4 |a The social consequences of facial disfigurement /  |c Michael J. Hughes. 
264 1 |a Aldershot, Hants, England ;  |a Brookfield, Vt. :  |b Ashgate,  |c [1998] 
264 4 |c ©1998 
300 |a x, 318 pages ;  |c 23 cm. 
336 |a text  |b txt  |2 rdacontent 
337 |a unmediated  |b n  |2 rdamedia 
338 |a volume  |b nc  |2 rdacarrier 
504 |a Includes bibliographical references (pages 313-318). 
650 0 |a Face  |x Abnormalities  |x Social aspects. 
650 0 |a Disfigured persons  |x Psychology. 
948 |a c:pk 
999 |a MARS 
999 f f |s 081af956-9f35-3895-9472-032b2fcada59  |i d8ff01c9-d07b-3838-ab61-12526c78a0a7  |t 0 
952 f f |p ric  |a Texas A&M University  |b Rellis Campus  |c Joint Library Facility  |d Remote Storage  |t 0  |e RD763 .H84 1998  |h Library of Congress classification  |i unmediated -- volume  |m A14825265135 
998 f f |a RD763 .H84 1998  |t 0  |l Remote Storage